Ripley's believe it or not!: (Record no. 60102)

MARC details
000 -LEADER
fixed length control field 00594nam a22001577a 4500
005 - DATE AND TIME OF LATEST TRANSACTION
control field 20120102104821.0
020 ## - INTERNATIONAL STANDARD BOOK NUMBER
International Standard Book Number 9788128629914
Terms of availability 60.00
037 ## - SOURCE OF ACQUISITION
Source of stock number/acquisition PUB
245 ## - TITLE STATEMENT
Title Ripley's believe it or not!:
Statement of responsibility, etc by Sheri Bell Rehwoldt...(et al)
Remainder of title amazing earth /
260 ## - PUBLICATION, DISTRIBUTION, ETC. (IMPRINT)
Place of publication, distribution, etc Mumbai
Name of publisher, distributor, etc Euro Books
Date of publication, distribution, etc 2011
270 ## - ADDRESS
Address Dani Corporat e Park, First Floor, 158, Vidyanagari Marg, Kalina, Santacruz
City Mumbai
Postal code 400098
300 ## - PHYSICAL DESCRIPTION
Extent unpages
Other physical details ill.
Dimensions 21cm(pbk)
700 ## - ADDED ENTRY--PERSONAL NAME
Personal name Bell-Rehwoldt, Sheri
9 (RLIN) 37767
942 ## - ADDED ENTRY ELEMENTS (KOHA)
Source of classification or shelving scheme Dewey Decimal Classification
Item type Children Books
Call number suffix RIP
Holdings
Withdrawn status Lost status Not for loan Home library Current library Date acquired Cost, normal purchase price Full call number Cost, replacement price Koha item type
    Ordered Andrews Gunj Andrews Gunj 02/01/2012 60.00 RIP 60.00 Children Books

© Delhi Public Library
Hit Counter
free hit counter